| Tag |
First Indicator |
Second Indicator |
Subfields |
| LEADER |
00000cam a2200000 4500 |
| 001 |
in00000041016 |
| 005 |
20151007070607.0 |
| 008 |
741101s1966 nyua b 00010 eng u |
| 010 |
|
|
|a 66022125
|
| 035 |
|
|
|a (OCoLC)01064661
|
| 035 |
|
|
|9 AAE4313AM
|
| 040 |
|
|
|c ZHM
|d TXA
|d UtOrBLW
|
| 041 |
1 |
|
|a eng
|a rus
|
| 049 |
|
|
|a TXAM
|c [464654]
|
| 050 |
|
0 |
|a QD172.A4
|b V633 1966
|
| 092 |
|
|
|a 546.38
|b V928p, 1966
|
| 100 |
1 |
|
|a Volʹnov, I. I.
|q (Ilʹi͡a Ivanovich),
|d 1913-
|
| 245 |
1 |
0 |
|a Peroxides, superoxides, and ozonides of alkali and alkaline earth metals /
|c by Ilya Ivanovich Volnov. Translated from Russian by J. Woroncow. Edited by A.W. Petrocelli.
|
| 264 |
|
1 |
|a New York :
|b Plenum Press,
|c [1966]
|
| 264 |
|
4 |
|c [©1966]
|
| 300 |
|
|
|a xiv, 146p :
|b illustrations ;
|c 24 cm.
|
| 336 |
|
|
|a text
|b txt
|2 rdacontent
|
| 337 |
|
|
|a unmediated
|b n
|2 rdamedia
|
| 338 |
|
|
|a volume
|b nc
|2 rdacarrier
|
| 490 |
1 |
|
|a Monographs in inorganic chemistry
|
| 504 |
|
|
|a Includes bibliographies.
|
| 650 |
|
0 |
|a Alkali metals.
|
| 650 |
|
0 |
|a Alkaline earth metals.
|
| 650 |
|
0 |
|a Metallic oxides.
|
| 650 |
|
0 |
|a Ozonides.
|
| 830 |
|
0 |
|a Monographs in inorganic chemistry.
|
| 999 |
|
|
|a MARS
|
| 999 |
f |
f |
|s 734e6e9e-0eeb-3d06-ba1b-d10e04acc680
|i 384aad58-2b6e-36f1-88d1-d04457273254
|t 0
|
| 952 |
f |
f |
|p ric
|a Texas A&M University
|b Rellis Campus
|c Joint Library Facility
|d Remote Storage
|t 0
|e QD172.A4 V633 1966
|h Library of Congress classification
|i unmediated -- volume
|m A14800942136
|
| 998 |
f |
f |
|a QD172.A4 V633 1966
|t 0
|l Remote Storage
|